00674nam a2200217Ia 4500003000900000008004100009040001300050040001300063041000800076100001900084100000900103245007300112250000900185260001500194260000900209300001000218490000600228942000700234999001700241952019800258IT-RoPAU120407s9999 xx 000 0 und d aIT-RoPAU cIT-RoPAU aita aFelix Cappello cs.j. aSumma Juris Canonici. In usum scholarum concinnata, 4.a ed., 3 voll. aRoma aGregoriana c1945 c23 cm v1 cBK c23505d23505 00102ddc406262_43000000000000071aPAULUSbPAULUSd2012-04-11l0o262.43r2012-04-11 00:00:00w2012-04-11yBKzInserito da: LuigiG In data: 27 ottobre 2011 fondo: Via A.Severo 56 Progr:34258